000 00577nam a22002057a 4500
003 OSt
005 20250521082403.0
008 250521b |||||||| |||| 00| 0 eng d
020 _a9788131760932
040 _aSEKU
100 _aRobbins, Stephen P.
245 _aOrganizational behavior /
_cStephen P. Robbins.
250 _a14th ed.
260 _aDelhi :
_bPrentice Hall,
_c2012.
300 _a623 p. :
_bill.
650 _2Organizational behavior
700 _aJudge, Timothy A.
700 _aVohra, Neharika
942 _2lcc
_cGEN
_hHD 58.7
_i.R63 2012
999 _c18555
_d18555